|
|
|
|
| LEADER |
00000cam a2200000 i 4500 |
| 001 |
1/61104 |
| 008 |
040914s1986 enk| ||| |||| ||eng|| |
| 020 |
|
|
|a 0714829897
|
| 035 |
|
|
|l 10074413
|
| 040 |
|
|
|a GR-MyUa
|b gre
|e AACR2
|
| 041 |
0 |
|
|a eng
|
| 082 |
7 |
|
|a 709.024
|2 (22)
|
| 082 |
7 |
|
|a 759.03
|2 (23)
|
| 100 |
1 |
|
|a Gombrich, E. H.
|q (Ernst Hans),
|d 1909-2001.
|
| 245 |
1 |
0 |
|a Gombrich on the Renaissance /
|c E.H. Gombrich
|
| 260 |
|
|
|a London :
|b Phaidon,
|c c1986.
|
| 300 |
|
|
|a 4 τ. :
|b εικ. (μερικές έγχρ.) ;
|c 25 εκ.
|
| 500 |
|
|
|a Συλλογή κειμένων και δοκιμίων τα οποία είχαν πρωτύτερα εκδοθεί το 1986 με τη μορφή τετράτομου έργου με συλλογικό τίτλο: Studies in the art of the Renaissance.
|
| 500 |
|
|
|a Reprinted 1993, 1998
|
| 504 |
|
|
|a Βιβλιογραφία: σ. [188]. Ευρετήριο.
|
| 505 |
8 |
|
|a Τ. 4. New light on old masters.
|
| 650 |
|
0 |
|a Art, High Renaissance
|z Italy.
|
| 650 |
|
0 |
|a Art, Italian.
|
| 740 |
0 |
|
|a New light on old masters.
|
| 852 |
|
|
|a INST
|b LESVOS
|e 20040914
|h 759.03 GOM
|p 005100028048
|q 005100028048
|t BK
|y 0
|z ???
|
| 852 |
|
|
|a INST
|b LESVOS
|e 20040914
|h 759.03 GOM
|p 005100028048
|q 005100028048
|t BK
|v (Unknown.)???:
|y 0
|z ???
|
| 852 |
|
|
|a INST
|b SYROS
|e 20080530
|h 709.024 GOM
|p 005500005882
|q 005500005882
|t BK
|v τ.4:
|y 0
|z τ.4
|
| 853 |
|
|
|a INST
|b LESVOS
|h 759.03 GOM
|
| 853 |
|
|
|a INST
|b SYROS
|h 709.024 GOM
|
| 901 |
|
|
|a BIBL5-2008-2
|
| 901 |
|
|
|a BIBL1-2005-1
|
| 922 |
|
|
|a 5ΕΛΗ
|b 200801
|c ΕΠΕΑΕΚ2/ΤΜΣΠΣ
|d Ελευθερουδάκη
|
| 922 |
|
|
|a 1ΕΛΗ
|b 200406
|c ΤΑΚ/ΤΚΑ
|d Παπασωτηρίου
|
| 950 |
|
|
|a 117-2004-06-11
|
| 970 |
|
|
|a Τζαφέρη
|b Ευαγγελία
|z 03/02/2005
|